000 01711nam0a2200385 4500
001 RU\NLR\bibl\514092
005 20260405061053.0
010 _a5-217-03206-5
_91000
021 _aRU
_b2004-740
_942
035 _aRSL-KNO-002403518
035 _a(NLR Aleph) 000506550
090 _a1206536
_c1206536
100 _a20040303d2003 |||y0rusy50 ca
101 0 _arus
_deng
102 _aRU
105 _aa |||||||||
106 _ar
200 1 _aБесцентровые круглошлифовальные станки
_dCenterless cylindrical grinding machines
_eКонструкции, обработка и правка
_fЯ.М. Ашкиназий, Лауреат Гос. премии Рос. Федерации
_gПод общ. ред. д.т.н. Б.И. Черпакова
_zeng
210 _aМ.
_cМашиностроение
_d2003
_eППП Тип. Наука
215 _a351 с.
_cил.
_d24
300 _aАвт. также на англ. яз.: Ja.M. Ashkinazij
300 _aРез. на англ. яз.
320 _aБиблиогр.: с. 340-344 (98 назв.)
510 0 _6z11790
_aCenterless cylindrical grinding machines
_zeng
606 0 _aКруглошлифовальные станки бесцентровые
_91160556
_3RU\NLR\auth\66146648
686 _aК637.33-52
700 1 _4070
_8rus
_7ca
_aАшкиназий
_bЯ.М.
_gЯков Михайлович
_3RU\NLR\auth\7720194
_93262
790 1 _4070
_8rus
_7ba
_aAškinazij
_bJa.M.
_gJakov Michajlovič
_3RU\NLR\auth\7720196
_93264
801 0 _aRU
_bRuMoRKP
_c20040303
_gPSBO
801 1 _aRU
_bRuMoRKP
_c20040303
801 2 _aRU
_bNLR
_c20040422
_gPSBO
830 _aАвт. по кн.
942 _cBOOK
980 _aNB